SR-4 Strain Gage Handbook (Record no. 3012)

MARC details
000 -LEADER
fixed length control field 00246nam a22001097a 4500
041 ## - LANGUAGE CODE
Language code of text/sound track or separate title ENG
245 ## - TITLE STATEMENT
Title SR-4 Strain Gage Handbook
260 ## - PUBLICATION, DISTRIBUTION, ETC. (IMPRINT)
Place of publication, distribution, etc Waltham MA
Name of publisher, distributor, etc BLH eLECTRONICS
Date of publication, distribution, etc 1980
300 ## - PHYSICAL DESCRIPTION
Extent 54
650 ## - SUBJECT ADDED ENTRY--TOPICAL TERM
Topical term or geographic name as entry element Chemistry (40)
856 ## - ELECTRONIC LOCATION AND ACCESS
Uniform Resource Identifier Chemistry (40)
Holdings
Withdrawn status Lost status Source of classification or shelving scheme Damaged status Not for loan Home library Current library Shelving location Date acquired Cost, normal purchase price Total Checkouts Barcode Date last seen Price effective from Koha item type
    Dewey Decimal Classification     College of Agricultural Engineering and Technology, Dapoli , Library College of Agricultural Engineering and Technology, Dapoli , Library Book Cart 15/12/2021 0.00   G00171 15/12/2021 15/12/2021 Books

Contact Us: College of Agricultural Engineering and Technology, Dapoli, Dist.- Ratnagiri
Website: https://dbskkv.org Email: caetlibrary2015@gmail.com